000 00661cab a2200229 4500
001 WB3116-36
008 090401t1995 xxu||||| |||| 00| 0 eng d
035 _a(Sirsi) u57493
041 _aeng
245 _aUS-style outlet shopping centre
260 _c1995
350 _a0
490 _aTimes
_v24 April 1995, 44(1)
520 _aBAA is to open its first American-style outlet shopping centre offering branded goods at discounts.
650 _aCHESHIRE OAKS
650 _aCHESTER
650 _aFACTORY SHOPPING
650 _aOUTLET SHOPPING CENTRES
690 _aPROPERTY-COMMERCIAL PROPERTY-RETAIL PROPERTY
942 _n0
948 _c04/03/1997
999 _c35067
_d35067